[Event "España tch Primera División - A 2013"]
[Site "Linares ESP"]
[Date "2013.08.20"]
[Round "2.34"]
[White "Melero Fidalgo, Juan De Dios"]
[Black "Valdezate Suarez, Fernando"]
[Result "1-0"]
[WhiteElo "2230"]
[BlackElo "1988"]
[PlyCount "63"]
[EventDate "2013.08.19"]
[EventType "team-tourn"]
[EventRounds "5"]
[EventCountry "ESP"]
[Source "lmi"]
[SourceDate "2013.08.19"]

1. d4 Nf6 2. c4 g6 3. Nc3 Bg7 4. Nf3 O-O 5. Bf4 d6 6. e3 c6 7. Be2 Nbd7 8. h3
Re8 9. O-O Nh5 10. Bh2 Qa5 11. a3 c5 12. b4 cxb4 13. axb4 Qd8 14. Qb3 b6 15.
Rfd1 a5 16. Ng5 h6 17. Bxh5 gxh5 18. Nf3 Bb7 19. Ne1 Qc8 20. Rac1 axb4 21. Qxb4
Ra6 22. Nb5 Nb8 23. Nd3 Be4 24. Nf4 Qb7 25. f3 Bf5 26. Nd5 Nc6 27. Qe1 Rc8 28.
e4 Bg6 29. f4 Na5 30. f5 Bh7 31. f6 exf6 32. Nxd6 1-0

[Event "España tch Primera División - A 2013"]
[Site "Linares ESP"]
[Date "2013.08.21"]
[Round "3.11"]
[White "Barrero Garcia, Carlos"]
[Black "Miton, Kamil"]
[Result "1/2-1/2"]
[WhiteElo "2371"]
[BlackElo "2609"]
[PlyCount "60"]
[EventDate "2013.08.19"]
[EventType "team-tourn"]
[EventRounds "5"]
[EventCountry "ESP"]
[Source "lmi"]
[SourceDate "2013.08.19"]

1. Nf3 Nf6 2. c4 e6 3. Nc3 d5 4. d4 Bb4 5. cxd5 exd5 6. Bg5 Nbd7 7. Rc1 c6 8.
a3 Bxc3+ 9. Rxc3 O-O 10. e3 Qa5 11. Nd2 Ne4 12. Nxe4 dxe4 13. Bh4 Nb6 14. b4
Qf5 15. Be2 Nd5 16. Rc5 Bd7 17. O-O b6 18. Rc1 a5 19. Qb3 b5 20. Rc5 axb4 21.
axb4 Rfb8 22. Bg3 Rb7 23. f3 Qe6 24. fxe4 Qxe4 25. Bf2 Qg6 26. Bf3 Re8 27. Ra1
Rbb8 28. Bxd5 cxd5 29. Qxd5 Be6 30. Qg5 Qxg5 1/2-1/2

[Event "España tch Primera División - A 2013"]
[Site "Linares ESP"]
[Date "2013.08.21"]
[Round "3.12"]
[White "Dziuba, Marcin"]
[Black "Gallardo Fernandez, Cesar"]
[Result "0-1"]
[WhiteElo "2589"]
[BlackElo "2240"]
[PlyCount "128"]
[EventDate "2013.08.19"]
[EventType "team-tourn"]
[EventRounds "5"]
[EventCountry "ESP"]
[Source "lmi"]
[SourceDate "2013.08.19"]

1. c4 Nf6 2. g3 e5 3. Bg2 Be7 4. Nc3 O-O 5. e4 d6 6. Nge2 c6 7. d3 Nbd7 8. O-O
a5 9. h3 Nc5 10. Be3 Re8 11. f4 Bf8 12. g4 exf4 13. Nxf4 Ne6 14. Qd2 Nxf4 15.
Rxf4 Be6 16. Raf1 d5 17. exd5 cxd5 18. Rxf6 d4 19. Bxd4 Qxd4+ 20. R6f2 Rad8 21.
Nd5 Bd6 22. Kh1 Qe5 23. Nf4 Bb4 24. Qc2 Bc5 25. Re2 Qd6 26. Bxb7 Bc8 27. Bd5
Kh8 28. Be4 Qh6 29. Nh5 f5 30. Bxf5 Bb7+ 31. Be4 Bxe4+ 32. dxe4 g6 33. Nf4 Rf8
34. Qc3+ Bd4 35. Qg3 g5 36. e5 gxf4 37. Qf3 Be3 38. Kg2 Rd3 39. Qe4 Rfd8 40. e6
Qh4 41. Qe5+ Kg8 42. Rf3 Rd2 43. Rfxe3 fxe3 44. Qxe3 R2d3 45. e7 Rxe3 46.
exd8=Q+ Qxd8 47. Rxe3 Qd2+ 48. Kf3 Qxb2 49. a3 Qc1 50. Kf2 Qxc4 51. Rf3 Kg7 52.
Kg2 Kg6 53. Kg3 Qc7+ 54. Kg2 a4 55. Kg1 Kg5 56. Kg2 Kh4 57. Kf2 Qe5 58. Kg2
Qb2+ 59. Kf1 Qh2 60. Ke1 Qxh3 61. Rxh3+ Kxh3 62. g5 Kg4 63. Kf2 Kxg5 64. Kg3
Kf5 0-1

[Event "España tch Primera División - A 2013"]
[Site "Linares ESP"]
[Date "2013.08.21"]
[Round "3.13"]
[White "Melero Fidalgo, Juan De Dios"]
[Black "Gonzalez Diaz, Diego"]
[Result "1/2-1/2"]
[WhiteElo "2230"]
[BlackElo "2309"]
[PlyCount "116"]
[EventDate "2013.08.19"]
[EventType "team-tourn"]
[EventRounds "5"]
[EventCountry "ESP"]
[Source "lmi"]
[SourceDate "2013.08.19"]

1. d4 Nf6 2. c4 g6 3. Nc3 d5 4. Nf3 Bg7 5. Bg5 Ne4 6. Bh4 Nxc3 7. bxc3 c5 8.
cxd5 Qxd5 9. e3 Nc6 10. Be2 O-O 11. O-O b6 12. Nd2 cxd4 13. cxd4 Bb7 14. Bf3
Qd7 15. Nc4 Rac8 16. Rc1 Rfd8 17. Qb3 h6 18. h3 g5 19. Bg3 Na5 20. Nxa5 Bxf3
21. gxf3 bxa5 22. Kg2 a4 23. Qb4 Bf8 24. Qa5 e6 25. h4 Qd5 26. Qxd5 exd5 27.
hxg5 hxg5 28. Be5 Be7 29. Rh1 f6 30. Bg3 a3 31. f4 gxf4 32. Bxf4 Kf7 33. Rb1
Rd7 34. Rhc1 Rxc1 35. Rxc1 Rb7 36. Rc7 Rxc7 37. Bxc7 Ke6 38. Bb8 a6 39. Kf3 Bf8
40. Ke2 Kd7 41. Kd3 f5 42. Kc3 Kc6 43. Bf4 Be7 44. Kb3 Kb5 45. Bg3 Bb4 46. Bf4
a5 47. Be5 a4+ 48. Kc2 Kc4 49. Bf4 Be1 50. f3 Bb4 51. Be5 Be7 52. Bf4 Bb4 53.
Be5 Bf8 54. Bf4 Be7 55. Kd2 Bb4+ 56. Kc2 Be7 57. Kd2 Bb4+ 58. Kc2 Be7 1/2-1/2

[Event "España tch Primera División - A 2013"]
[Site "Linares ESP"]
[Date "2013.08.21"]
[Round "3.14"]
[White "Vega Gomez, Francisco B."]
[Black "Medina Carrasco, Santiago"]
[Result "1/2-1/2"]
[WhiteElo "2248"]
[BlackElo "2198"]
[PlyCount "179"]
[EventDate "2013.08.19"]
[EventType "team-tourn"]
[EventRounds "5"]
[EventCountry "ESP"]
[Source "lmi"]
[SourceDate "2013.08.19"]

1. d4 d5 2. c4 c6 3. e3 Nf6 4. Bd3 g6 5. Nf3 Bg7 6. O-O O-O 7. h3 Nbd7 8. Nc3
a6 9. cxd5 cxd5 10. Qb3 e6 11. Bd2 Re8 12. Rfc1 Qb6 13. Na4 Qxb3 14. axb3 Bf8
15. b4 Ne4 16. Be1 Nd6 17. Nc5 Nb6 18. b3 f6 19. Nd2 e5 20. dxe5 fxe5 21. e4 d4
22. Nf3 Nd7 23. Bd2 Rb8 24. Rc2 Nf6 25. Re1 h6 26. Nxd4 exd4 27. e5 Bf5 28.
exf6 Rxe1+ 29. Bxe1 Rc8 30. Bxf5 Nxf5 31. Rc4 b5 32. Rc1 a5 33. Bd2 axb4 34.
Nd3 Rxc1+ 35. Bxc1 Kf7 36. Bd2 Kxf6 37. Kf1 g5 38. Ke2 Ke6 39. Nxb4 Nh4 40. g3
Ng6 41. Nd3 Kd5 42. Ba5 Ne5 43. Nxe5 Kxe5 44. g4 Kd5 45. Kd3 Bg7 46. Bd8 Ke5
47. Bc7+ Kd5 48. Bb6 Be5 49. Bd8 Bg7 50. h4 gxh4 51. Bxh4 Be5 52. f3 Bf4 53.
Bf6 Be3 54. Bg7 Kc5 55. Bf8+ Kd5 56. b4 Ke5 57. Ke2 Kd5 58. Kd3 Ke5 59. Bc5 Kf4
60. Ke2 Ke5 61. Bb6 Kd5 62. Kd3 Ke5 63. Bc7+ Kd5 64. Bh2 Bg5 65. Bg1 Bf6 66.
Bf2 Be5 67. Bh4 Bg7 68. Be1 Bf8 69. f4 Bd6 70. Bd2 Bf8 71. Be1 Bd6 72. f5 Bf8
73. Bd2 Ke5 74. Bc1 Kd5 75. Bf4 Bg7 76. Bg3 Bf8 77. Bf2 Bg7 78. Bh4 Bf8 79. Bf6
Bxb4 80. Bxd4 Bf8 81. Ba1 b4 82. Bd4 b3 83. Bb2 Bd6 84. Ke3 Be5 85. Bxe5 Kxe5
86. Kd3 h5 87. gxh5 Kxf5 88. Kc3 Kg5 89. Kxb3 Kxh5 90. Kc4 1/2-1/2

[Event "España tch Primera División - A 2013"]
[Site "Linares ESP"]
[Date "2013.08.21"]
[Round "3.21"]
[White "Moreno Trujillo, Alejandro"]
[Black "Sadusea, Johnny"]
[Result "1-0"]
[WhiteElo "2533"]
[BlackElo "2110"]
[PlyCount "73"]
[EventDate "2013.08.19"]
[EventType "team-tourn"]
[EventRounds "5"]
[EventCountry "ESP"]
[Source "lmi"]
[SourceDate "2013.08.19"]

1. d4 Nf6 2. c4 e6 3. Nc3 d5 4. cxd5 exd5 5. Bg5 c6 6. e3 Nbd7 7. Bd3 Bd6 8.
Nge2 O-O 9. Qc2 Qa5 10. O-O Ne4 11. Bxe4 dxe4 12. Nxe4 Qf5 13. Rac1 Bc7 14. Bf4
Bxf4 15. Nxf4 Qa5 16. Qb3 Qd8 17. Qa3 Nf6 18. Nd6 Qe7 19. Nxc8 Qxa3 20. bxa3
Raxc8 21. Rc2 Rfd8 22. Rfc1 g5 23. Nd3 Rd5 24. Nc5 b6 25. Nb3 Rd6 26. f3 Nd7
27. a4 a5 28. Nd2 f5 29. Kf2 Rf6 30. h3 h5 31. Ke2 Kf7 32. e4 c5 33. d5 Ne5 34.
exf5 Rxf5 35. Ne4 Rd8 36. g4 hxg4 37. hxg4 1-0

[Event "España tch Primera División - A 2013"]
[Site "Linares ESP"]
[Date "2013.08.21"]
[Round "3.22"]
[White "Dura Olmos, Gines Raul"]
[Black "Taboas Rodriguez, Daniel"]
[Result "0-1"]
[WhiteElo "2042"]
[BlackElo "2412"]
[PlyCount "86"]
[EventDate "2013.08.19"]
[EventType "team-tourn"]
[EventRounds "5"]
[EventCountry "ESP"]
[Source "lmi"]
[SourceDate "2013.08.19"]

1. e4 e6 2. d4 d5 3. Nc3 Nf6 4. Bg5 Be7 5. e5 Nfd7 6. Bxe7 Qxe7 7. f4 a6 8. Nf3
c5 9. Qd2 Nc6 10. dxc5 Nxc5 11. Qe3 b5 12. Bd3 b4 13. Ne2 h6 14. Ned4 Nxd4 15.
Nxd4 Bd7 16. O-O-O a5 17. Kb1 a4 18. Rhe1 O-O 19. f5 exf5 20. Nxf5 Bxf5 21.
Bxf5 Rad8 22. Rd4 Ne6 23. Rg4 Kh8 24. Qh3 Rc8 25. Re3 Rc4 26. Reg3 Qc5 27. Re3
Rxc2 28. Bxc2 Rc8 29. Rc4 Qxc4 30. Qf5 g6 31. Qd3 Qc5 32. Re1 a3 33. Bb3 Nd4
34. e6 axb2 35. Kxb2 Qc3+ 36. Qxc3 bxc3+ 37. Kc1 fxe6 38. Rd1 Nxb3+ 39. axb3
Kg7 40. Kc2 Kf6 41. Rd3 Ke5 42. Re3+ Kd6 43. Rf3 Ke5 0-1

[Event "España tch Primera División - A 2013"]
[Site "Linares ESP"]
[Date "2013.08.21"]
[Round "3.23"]
[White "Blasco De La Cruz, Luis"]
[Black "Cucarella Montell, Angels"]
[Result "0-1"]
[WhiteElo "2023"]
[BlackElo "1996"]
[PlyCount "78"]
[EventDate "2013.08.19"]
[EventType "team-tourn"]
[EventRounds "5"]
[EventCountry "ESP"]
[Source "lmi"]
[SourceDate "2013.08.19"]

1. e4 c5 2. c4 Nc6 3. Nc3 g6 4. g3 Bg7 5. Bg2 e5 6. d3 Nge7 7. Nge2 d6 8. f4 f5
9. O-O O-O 10. Nd5 fxe4 11. dxe4 Nd4 12. Nec3 Nxd5 13. Nxd5 Be6 14. fxe5 Bxd5
15. exd5 Bxe5 16. Rxf8+ Qxf8 17. Bh3 Qf6 18. Be3 Nf5 19. Bxf5 Qxf5 20. Qd2 Rf8
21. Re1 Qf6 22. Rb1 Qf3 23. Re1 Qf6 24. Rb1 Qf3 25. Bf2 Qe4 26. Rc1 Rxf2 27.
Kxf2 Bd4+ 28. Kf1 Be3 29. Qc2 Qf3+ 30. Ke1 Bxc1 31. Qa4 Qe4+ 32. Kf1 Bxb2 33.
Qxa7 Qxc4+ 34. Kg2 Qxd5+ 35. Kh3 Qe6+ 36. Kg2 Qe2+ 37. Kh3 Qf1+ 38. Kg4 Qf5+
39. Kh4 Bf6# 0-1

[Event "España tch Primera División - A 2013"]
[Site "Linares ESP"]
[Date "2013.08.21"]
[Round "3.24"]
[White "Valdezate Suarez, Fernando"]
[Black "Perez Suchan, Saul Mario"]
[Result "1-0"]
[WhiteElo "1988"]
[BlackElo "1649"]
[PlyCount "63"]
[EventDate "2013.08.19"]
[EventType "team-tourn"]
[EventRounds "5"]
[EventCountry "ESP"]
[Source "lmi"]
[SourceDate "2013.08.19"]

1. d4 Nf6 2. c4 e6 3. Nf3 Bb4+ 4. Bd2 Bxd2+ 5. Nfxd2 d5 6. Nc3 b6 7. cxd5 exd5
8. e3 Bf5 9. Be2 c6 10. O-O O-O 11. b4 Qd6 12. b5 c5 13. dxc5 bxc5 14. Nc4 Qe6
15. Bf3 Be4 16. Bxe4 dxe4 17. Qe2 Nbd7 18. Rfd1 Ne5 19. Nd6 Nd3 20. Ndxe4 Nxe4
21. Qxd3 Nxc3 22. Qxc3 Rac8 23. a4 h6 24. Rac1 Rc7 25. Qc4 Qb6 26. Rd5 Rfc8 27.
g3 Qa5 28. Kg2 Kf8 29. Qd3 Kg8 30. Rd8+ Rxd8 31. Qxd8+ Kh7 32. Rxc5 1-0

[Event "España tch Primera División - A 2013"]
[Site "Linares ESP"]
[Date "2013.08.21"]
[Round "3.31"]
[White "Narciso Dublan, Marc"]
[Black "Korneev, Oleg"]
[Result "1/2-1/2"]
[WhiteElo "2505"]
[BlackElo "2625"]
[PlyCount "74"]
[EventDate "2013.08.19"]
[EventType "team-tourn"]
[EventRounds "5"]
[EventCountry "ESP"]
[Source "lmi"]
[SourceDate "2013.08.19"]

1. e4 c5 2. Nc3 e6 3. g3 d5 4. exd5 exd5 5. Bg2 Nf6 6. Nge2 d4 7. Ne4 Nxe4 8.
Bxe4 Bd6 9. O-O O-O 10. d3 Nd7 11. c3 Nf6 12. Bg2 Re8 13. Re1 dxc3 14. bxc3 Rb8
15. d4 Bg4 16. Be3 Qc7 17. dxc5 Bxc5 18. Bxc5 Qxc5 19. Qd4 Rbc8 20. Nf4 Rxe1+
21. Rxe1 b6 22. Nd5 Qxd4 23. cxd4 Nxd5 24. Bxd5 Kf8 25. Bb3 Re8 26. Rc1 Rc8 27.
Re1 Re8 28. Rc1 Rd8 29. d5 Ke7 30. Rc7+ Rd7 31. Rc3 f6 32. f3 Bh5 33. Kf2 Bf7
34. Ba4 Rb7 35. Bb3 Rd7 36. Ba4 Rb7 37. Bb3 Rd7 1/2-1/2

[Event "España tch Primera División - A 2013"]
[Site "Linares ESP"]
[Date "2013.08.21"]
[Round "3.32"]
[White "Zhigalko, Andrey"]
[Black "Alonso Moyano, Jonathan"]
[Result "1-0"]
[WhiteElo "2603"]
[BlackElo "2420"]
[PlyCount "109"]
[EventDate "2013.08.19"]
[EventType "team-tourn"]
[EventRounds "5"]
[EventCountry "ESP"]
[Source "lmi"]
[SourceDate "2013.08.19"]

1. d4 d5 2. c4 c6 3. Nc3 Nf6 4. e3 g6 5. Bd3 Bg7 6. h3 O-O 7. Nf3 dxc4 8. Bxc4
Nbd7 9. O-O Nb6 10. Bb3 Nbd5 11. Na4 b6 12. Re1 Bb7 13. e4 Nc7 14. Bf4 e6 15.
Qc2 Rc8 16. Rad1 Qe7 17. Nc3 Rfd8 18. e5 Nfd5 19. Bg5 f6 20. exf6 Bxf6 21. Ne4
Bxg5 22. Nexg5 Rf8 23. Re5 Rf5 24. Rde1 Rxe5 25. Rxe5 Rf8 26. h4 Rf5 27. Qe4
Qf6 28. Qg4 Rxe5 29. Nxe5 Qf4 30. Bd1 Qf5 31. Nef7 Qxg4 32. Bxg4 Nf6 33. Bf3
Nb5 34. Nd8 Bc8 35. Ngxe6 Bxe6 36. Nxe6 Nd5 37. Kf1 Nb4 38. a3 Nc2 39. Bxc6
Ncxd4 40. Bxb5 Nxb5 41. Ke2 Nd6 42. Kd3 Kf7 43. Ng5+ Kg7 44. g3 h6 45. Ne4 Nf5
46. Kc4 Kf7 47. Kd5 Ke7 48. a4 Kd7 49. Ke5 h5 50. Kf6 Ne7 51. Kf7 a5 52. b3 Kd8
53. Nf6 Nf5 54. Kxg6 Nd4 55. g4 1-0

[Event "España tch Primera División - A 2013"]
[Site "Linares ESP"]
[Date "2013.08.21"]
[Round "3.33"]
[White "Willemze, Thomas"]
[Black "Mirzoev, Azer"]
[Result "0-1"]
[WhiteElo "2415"]
[BlackElo "2539"]
[PlyCount "92"]
[EventDate "2013.08.19"]
[EventType "team-tourn"]
[EventRounds "5"]
[EventCountry "ESP"]
[Source "lmi"]
[SourceDate "2013.08.19"]

1. e4 e5 2. Nf3 Nc6 3. Nc3 Nf6 4. Bb5 Bd6 5. a3 O-O 6. d3 a6 7. Bxc6 dxc6 8. h3
Nd7 9. O-O Re8 10. Ne2 Nf8 11. Bg5 f6 12. Be3 Be6 13. Nh4 Qd7 14. Ng3 Ng6 15.
Nhf5 Bf8 16. Qf3 Rad8 17. Rad1 c5 18. Nh5 Kh8 19. g4 b6 20. Kh2 Qf7 21. b3 Ne7
22. Nxe7 Bxe7 23. Ng3 Rd7 24. Bc1 Bf8 25. Bb2 Red8 26. Qe3 Bd6 27. a4 b5 28.
axb5 axb5 29. Nf5 Bxf5 30. gxf5 c4 31. dxc4 bxc4 32. Rg1 cxb3 33. cxb3 Bf8 34.
Rxd7 Qxd7 35. Ra1 h6 36. Ra5 Qd1 37. Ra1 Qc2 38. Ba3 Rd3 39. Qe1 Bxa3 40. Rxa3
Rd2 41. Kg3 Re2 42. Qa1 Rxf2 43. Qg1 Rf4 44. Qg2 Qxg2+ 45. Kxg2 Rxe4 46. Ra8+
Kh7 0-1

[Event "España tch Primera División - A 2013"]
[Site "Linares ESP"]
[Date "2013.08.21"]
[Round "3.34"]
[White "Llanes Hurtado, Miguel"]
[Black "Geske, Julian"]
[Result "1/2-1/2"]
[WhiteElo "2470"]
[BlackElo "2395"]
[PlyCount "61"]
[EventDate "2013.08.19"]
[EventType "team-tourn"]
[EventRounds "5"]
[EventCountry "ESP"]
[Source "lmi"]
[SourceDate "2013.08.19"]

1. d4 Nf6 2. c4 g6 3. Nc3 Bg7 4. e4 d6 5. f3 O-O 6. Be3 c5 7. dxc5 dxc5 8. Qxd8
Rxd8 9. Bxc5 Nc6 10. Nge2 Nd7 11. Be3 Nde5 12. Nf4 Nb4 13. Rc1 Be6 14. b3 g5
15. Nxe6 fxe6 16. Bxg5 Ned3+ 17. Bxd3 Nxd3+ 18. Ke2 Nxc1+ 19. Rxc1 Bxc3 20.
Rxc3 Kf7 21. Be3 Rd7 22. Rc2 a6 23. g4 e5 24. h4 Ke6 25. h5 Rad8 26. Bb6 Rf8
27. a4 Kf6 28. Rc1 Kg5 29. Be3+ Kf6 30. Bb6 Kg5 31. Be3+ 1/2-1/2

[Event "España tch Primera División - A 2013"]
[Site "Linares ESP"]
[Date "2013.08.22"]
[Round "4.11"]
[White "Miton, Kamil"]
[Black "Korneev, Oleg"]
[Result "1/2-1/2"]
[WhiteElo "2609"]
[BlackElo "2625"]
[PlyCount "47"]
[EventDate "2013.08.19"]
[EventType "team-tourn"]
[EventRounds "5"]
[EventCountry "ESP"]
[Source "lmi"]
[SourceDate "2013.08.19"]

1. d4 d5 2. c4 e6 3. Nf3 Nf6 4. g3 dxc4 5. Bg2 Bb4+ 6. Bd2 a5 7. O-O O-O 8. Bg5
b5 9. a4 bxa4 10. Qc2 h6 11. Bxf6 Qxf6 12. Nc3 Ba6 13. Ne5 Ra7 14. Qxa4 c5 15.
Ne4 Qd8 16. dxc5 Qc7 17. Nf3 f5 18. Nc3 Qxc5 19. Qc2 Rd7 20. Rfc1 Nc6 21. Na2
Bb5 22. Nc3 Ba6 23. Na2 Bb5 24. Nc3 1/2-1/2

[Event "España tch Primera División - A 2013"]
[Site "Linares ESP"]
[Date "2013.08.22"]
[Round "4.12"]
[White "Zhigalko, Andrey"]
[Black "Dziuba, Marcin"]
[Result "1-0"]
[WhiteElo "2603"]
[BlackElo "2589"]
[PlyCount "59"]
[EventDate "2013.08.19"]
[EventType "team-tourn"]
[EventRounds "5"]
[EventCountry "ESP"]
[Source "lmi"]
[SourceDate "2013.08.19"]

1. c4 e5 2. Nc3 Nc6 3. g3 g6 4. Bg2 Bg7 5. Nf3 d6 6. O-O Nf6 7. d4 exd4 8. Nxd4
Bd7 9. c5 O-O 10. cxd6 cxd6 11. Ndb5 d5 12. Bf4 Be6 13. e3 a6 14. Nc7 Rc8 15.
N7xd5 Nxd5 16. Nxd5 Qa5 17. b4 Qa3 18. Qc1 Bb2 19. Qe1 Bxd5 20. Bxd5 Bc3 21.
Qc1 Bb2 22. Qe1 Nxb4 23. Bd6 Bc3 24. Qb1 b5 25. Qe4 Rfd8 26. Rad1 Qb2 27. Bb3
Nxa2 28. Qd5 Rd7 29. Bxa2 Rcd8 30. e4 1-0

[Event "España tch Primera División - A 2013"]
[Site "Linares ESP"]
[Date "2013.08.22"]
[Round "4.13"]
[White "Gonzalez Diaz, Julio"]
[Black "Mirzoev, Azer"]
[Result "1/2-1/2"]
[WhiteElo "2284"]
[BlackElo "2539"]
[PlyCount "126"]
[EventDate "2013.08.19"]
[EventType "team-tourn"]
[EventRounds "5"]
[EventCountry "ESP"]
[Source "lmi"]
[SourceDate "2013.08.19"]

1. c4 e6 2. g3 d5 3. Nf3 Nf6 4. Bg2 Be7 5. b3 O-O 6. O-O b6 7. Bb2 Bb7 8. e3
dxc4 9. bxc4 c5 10. Qe2 Nc6 11. d3 Qc7 12. Nc3 Rad8 13. Rfd1 Rfe8 14. Ne1 Nb4
15. Bxb7 Qxb7 16. f4 a6 17. Nf3 Nxd3 18. Rxd3 Rxd3 19. Qxd3 Qxf3 20. Rf1 Qc6
21. e4 Rd8 22. Qe2 Nd7 23. Rd1 Nf8 24. Rxd8 Bxd8 25. Qd3 Bf6 26. e5 Be7 27. h4
f5 28. Kf2 Qh1 29. Qf3 Qh2+ 30. Qg2 Qxg2+ 31. Kxg2 Nd7 32. a4 Kf7 33. Kf3 Nb8
34. h5 Nc6 35. Nd1 g6 36. hxg6+ hxg6 37. g4 g5 38. Ne3 gxf4 39. Kxf4 fxg4 40.
Kxg4 Kg6 41. Bc3 Bg5 42. Ng2 Nb4 43. Ne1 Na2 44. Bb2 Bd2 45. Nd3 Nb4 46. Nf2
Be3 47. Ne4 Bd4 48. Bxd4 cxd4 49. Nf2 Na2 50. Nd3 Nc3 51. c5 bxc5 52. Nxc5 d3
53. Nxd3 Nxa4 54. Kf4 Nc3 55. Nc5 Nd5+ 56. Ke4 Nc7 57. Kd4 Kf5 58. Nd7 Nd5 59.
Kc5 Ne7 60. Kb6 a5 61. Kxa5 Nc6+ 62. Ka4 Nxe5 63. Nf8 Nd7 1/2-1/2

[Event "España tch Primera División - A 2013"]
[Site "Linares ESP"]
[Date "2013.08.22"]
[Round "4.21"]
[White "Sadusea, Johnny"]
[Black "Narciso Dublan, Marc"]
[Result "0-1"]
[WhiteElo "2110"]
[BlackElo "2505"]
[PlyCount "58"]
[EventDate "2013.08.19"]
[EventType "team-tourn"]
[EventRounds "5"]
[EventCountry "ESP"]
[Source "lmi"]
[SourceDate "2013.08.19"]

1. e4 e6 2. Nf3 d5 3. exd5 exd5 4. d4 Nf6 5. Bd3 Be7 6. O-O Bg4 7. Nbd2 O-O 8.
Re1 c5 9. dxc5 Bxc5 10. Nb3 Bb6 11. Be3 Nc6 12. c3 Re8 13. Nbd4 Bxd4 14. cxd4
Qb6 15. Qa4 Bxf3 16. gxf3 a6 17. Rec1 Nd7 18. Kh1 Nf8 19. Rg1 Qxb2 20. Rab1 Qc3
21. Rxb7 Qxd3 22. Qxc6 Qf5 23. Rg3 Ng6 24. Qc1 Rac8 25. Qb1 Qxb1+ 26. Rxb1 Rc2
27. a3 Rc3 28. Ra1 Ne7 29. Rag1 g6 0-1

[Event "España tch Primera División - A 2013"]
[Site "Linares ESP"]
[Date "2013.08.22"]
[Round "4.22"]
[White "Alonso Moyano, Jonathan"]
[Black "Dura Olmos, Gines Raul"]
[Result "1-0"]
[WhiteElo "2420"]
[BlackElo "2042"]
[PlyCount "61"]
[EventDate "2013.08.19"]
[EventType "team-tourn"]
[EventRounds "5"]
[EventCountry "ESP"]
[Source "lmi"]
[SourceDate "2013.08.19"]

1. e4 e5 2. Nc3 Bc5 3. g3 f5 4. Nf3 d6 5. d4 exd4 6. Nxd4 Nf6 7. Nxf5 Bxf5 8.
exf5 O-O 9. Bc4+ Kh8 10. O-O Nc6 11. Na4 Nd4 12. Be3 Nxf5 13. Bxc5 dxc5 14.
Nxc5 Qe7 15. Ne6 Rfe8 16. Re1 Qb4 17. Bb3 Qb6 18. c3 Re7 19. Qf3 Nd6 20. Nxg7
Nde4 21. Nh5 Rf8 22. Nxf6 Rxf6 23. Qe3 Nxf2 24. Qxb6 Rxe1+ 25. Rxe1 axb6 26.
Re8+ Kg7 27. Re7+ Kh6 28. Rxc7 Kg5 29. Rxh7 Kg4 30. Rg7+ Kh3 31. Rf7 1-0

[Event "España tch Primera División - A 2013"]
[Site "Linares ESP"]
[Date "2013.08.22"]
[Round "4.23"]
[White "Cucarella Montell, Angels"]
[Black "Willemze, Thomas"]
[Result "0-1"]
[WhiteElo "1996"]
[BlackElo "2415"]
[PlyCount "52"]
[EventDate "2013.08.19"]
[EventType "team-tourn"]
[EventRounds "5"]
[EventCountry "ESP"]
[Source "lmi"]
[SourceDate "2013.08.19"]

1. e4 c6 2. d4 d5 3. e5 c5 4. c4 cxd4 5. Qxd4 Nc6 6. Qd1 d4 7. Bf4 Nxe5 8. Qa4+
Nc6 9. Nf3 Bd7 10. Qb5 f6 11. Na3 e5 12. Bg3 a6 13. Qb3 Bb4+ 14. Nd2 Bxd2+ 15.
Kxd2 Qa5+ 16. Kc1 Qe1+ 17. Qd1 Qxd1+ 18. Kxd1 Nge7 19. f3 O-O 20. Bd3 Bf5 21.
Kd2 Bxd3 22. Kxd3 f5 23. Nc2 Ng6 24. Rhe1 Rae8 25. Re2 e4+ 26. fxe4 f4 0-1

[Event "España tch Primera División - A 2013"]
[Site "Linares ESP"]
[Date "2013.08.22"]
[Round "4.24"]
[White "Geske, Julian"]
[Black "Valdezate Suarez, Fernando"]
[Result "1-0"]
[WhiteElo "2395"]
[BlackElo "1988"]
[PlyCount "93"]
[EventDate "2013.08.19"]
[EventType "team-tourn"]
[EventRounds "5"]
[EventCountry "ESP"]
[Source "lmi"]
[SourceDate "2013.08.19"]

1. e4 g6 2. d4 Bg7 3. Nc3 c6 4. Bc4 d5 5. exd5 b5 6. Bb3 b4 7. Nce2 cxd5 8. a3
bxa3 9. Rxa3 Nf6 10. Nf3 O-O 11. O-O Qb6 12. Bg5 e6 13. Qc1 Ba6 14. Re1 Bxe2
15. Rxe2 Nc6 16. c3 Ne4 17. Bh6 Rfc8 18. Bxg7 Kxg7 19. Bc2 Nf6 20. Qa1 Rc7 21.
Bd3 a5 22. h4 h6 23. Ne5 Nxe5 24. dxe5 Nh5 25. Ra4 Ng3 26. Re3 Nf5 27. Bxf5
exf5 28. b4 Rca7 29. e6 fxe6 30. c4+ Kf7 31. c5 Qd8 32. h5 g5 33. b5 Qf6 34.
Qxf6+ Kxf6 35. b6 Ra6 36. Rb3 Rb8 37. Rb5 Ke7 38. Rbxa5 Rxa5 39. Rxa5 Kd7 40.
Ra7+ Kc6 41. Rc7+ Kb5 42. b7 Ka6 43. c6 Kb6 44. Rc8 Ka7 45. c7 Rxb7 46. Ra8+
Kxa8 47. c8=Q+ 1-0

[Event "España tch Primera División - A 2013"]
[Site "Linares ESP"]
[Date "2013.08.22"]
[Round "4.31"]
[White "Barrero Garcia, Carlos"]
[Black "Moreno Trujillo, Alejandro"]
[Result "1/2-1/2"]
[WhiteElo "2371"]
[BlackElo "2533"]
[PlyCount "69"]
[EventDate "2013.08.19"]
[EventType "team-tourn"]
[EventRounds "5"]
[EventCountry "ESP"]
[Source "lmi"]
[SourceDate "2013.08.19"]

1. d4 d5 2. c4 c6 3. Nf3 Nf6 4. Qc2 dxc4 5. Qxc4 Bf5 6. Nc3 e6 7. g3 Nbd7 8.
Bg2 Be7 9. O-O O-O 10. Re1 Bg6 11. e4 b5 12. Qxc6 b4 13. e5 bxc3 14. exf6 cxb2
15. fxe7 bxa1=Q 16. exd8=Q Raxd8 17. Bg5 Qb2 18. Bxd8 Rxd8 19. d5 Nf8 20. dxe6
Nxe6 21. Bh3 Qb6 22. Qxb6 axb6 23. Bxe6 fxe6 24. Re3 Bb1 25. a3 Ba2 26. Kg2 Bd5
27. g4 Rc8 28. Kg3 h6 29. Ne5 Rc1 30. h4 g5 31. hxg5 hxg5 32. Nf3 Bxf3 33. Kxf3
Kf7 34. Rb3 Rc4 35. Rxb6 1/2-1/2